[Event "Aragon-chT Preferente Gr II"]
[Site "Aragon"]
[Date "2018.03.03"]
[Round "6.63"]
[White "Ainsa Claver, Ignacio"]
[Black "Rodes Apilluelo, Jose Maria"]
[Result "0-1"]
[WhiteElo "1927"]
[BlackElo "1976"]
[PlyCount "92"]
[EventDate "2018.01.27"]
[EventType "team-tourn"]
[EventRounds "9"]
[EventCountry "ESP"]
[SourceTitle "EXT 2019"]
[Source "ChessBase"]
[SourceDate "2018.10.10"]
[SourceVersion "1"]
[SourceVersionDate "2018.10.10"]
[SourceQuality "1"]
[WhiteTeam "Sabinanigo"]
[BlackTeam "St Casablanca III"]
[WhiteTeamCountry "ESP"]
[BlackTeamCountry "ESP"]

1. c4 Nf6 2. Nc3 g6 3. g3 Bg7 4. Bg2 0-0 5. e4 d6 6. Nge2 c5 7. 0-0 Nc6 8. d3 a6 9. h3 Rb8 10. a4 Bd7 11. f4 Ne8 12. f5 b5 13. fxg6 hxg6 14. axb5 axb5 15. Nxb5 Nb4 16. Nbc3 Nc7 17. Be3 Ne6 18. Qd2 Nd4 19. Bxd4 cxd4 20. Nd5 Nxd5 21. exd5 Qb6 22. Rfb1 Qb3 23. Nc1 Qb4 24. Qxb4 Rxb4 25. Ra7 Rd8 26. b3 Bf6 27. Na2 Rbb8 28. b4 Bf5 29. Bf1 Kg7 30. g4 Bd7 31. Rb3 Bg5 32. b5 f5 33. Be2 fxg4 34. hxg4 Be3+ 35. Kg2 Rf8 36. Bf3 Rxf3 37. Kxf3 Rf8+ 38. Kg3 Bf4+ 39. Kg2 Bxg4 40. Rxe7+ Kf6 41. Re4 Kg5 42. Rxf4 Kxf4 43. Nc1 Rh8 44. b6 Bf3+ 45. Kf2 Rh2+ 46. Ke1 Ke3 0-1

[Event "Aragon-chT Preferente B"]
[Site "Aragon"]
[Date "2017.03.25"]
[Round "9.71"]
[White "Ainsa Claver, Ignacio"]
[Black "Castillo Sanjuan, Alejandro"]
[Result "0-1"]
[WhiteElo "1956"]
[BlackElo "2045"]
[PlyCount "48"]
[EventDate "2017.01.28"]
[EventType "team-tourn"]
[EventRounds "9"]
[EventCountry "ESP"]
[SourceTitle "EXT 2018"]
[Source "ChessBase"]
[SourceDate "2017.10.13"]
[SourceVersion "1"]
[SourceVersionDate "2017.10.13"]
[SourceQuality "1"]
[WhiteTeam "Sabinanigo"]
[BlackTeam "Palacio de Pioneros II"]
[WhiteTeamCountry "ESP"]
[BlackTeamCountry "ESP"]

1. c4 e5 2. Nc3 g6 3. d4 Bg7 4. Nf3 exd4 5. Nxd4 Ne7 6. e4 0-0 7. Be2 Nbc6 8. Be3 d6 9. 0-0 f5 10. Nxc6 bxc6 11. Bd4 Bxd4 12. Qxd4 c5 13. Qd2 Be6 14. b3 Kh8 15. Bf3 Rb8 16. Rae1 fxe4 17. Nxe4 Nf5 18. Ng5 Bg8 19. Bd5 Qf6 20. Ne6 Bxe6 21. Rxe6 Qg7 22. Rfe1 Rf6 23. Qc3 Rxe6 24. Qxg7+ Nxg7 0-1

[Event "Aragon-chT Preferente B"]
[Site "Aragon"]
[Date "2017.03.11"]
[Round "7.70"]
[White "Ainsa Claver, Ignacio"]
[Black "Carraminana Lopez, Luis Antonio"]
[Result "1/2-1/2"]
[WhiteElo "1956"]
[BlackElo "1935"]
[PlyCount "105"]
[EventDate "2017.01.28"]
[EventType "team-tourn"]
[EventRounds "9"]
[EventCountry "ESP"]
[SourceTitle "EXT 2018"]
[Source "ChessBase"]
[SourceDate "2017.10.13"]
[SourceVersion "1"]
[SourceVersionDate "2017.10.13"]
[SourceQuality "1"]
[WhiteTeam "Sabinanigo"]
[BlackTeam "Caissa Hermanos Cortes"]
[WhiteTeamCountry "ESP"]
[BlackTeamCountry "ESP"]

1. c4 e5 2. Nc3 Bb4 3. Nd5 Be7 4. g3 Nf6 5. Bg2 c6 6. Nxf6+ Bxf6 7. e4 d6 8. Ne2 Be6 9. d3 0-0 10. Nc3 Bg5 11. 0-0 Bxc1 12. Rxc1 c5 13. f4 f6 14. f5 Bf7 15. g4 Nc6 16. Ne2 a6 17. Qd2 b5 18. b3 Qa5 19. Qxa5 Nxa5 20. h4 Nc6 21. Rc2 Ra7 22. Bf3 bxc4 23. dxc4 Rc8 24. Rd2 Nd4 25. Nxd4 cxd4 26. g5 a5 27. Rg2 Kh8 28. g6 Be8 29. gxh7 a4 30. h5 axb3 31. axb3 Kxh7 32. Kh1 Rb8 33. Bd1 Bc6 34. Rg4 Ra1 35. Rfg1 Rb7 36. Kh2 Rb1 37. Kh3 Be8 38. Kh4 Rb2 39. R4g2 Rxg2 40. Rxg2 Bc6 41. Bc2 d3 42. Bxd3 Rxb3 43. Rd2 Bb7 44. Kg4 Rc3 45. h6 gxh6 46. Rb2 Ba6 47. Rb6 Rxd3 48. Rxa6 Rd4 49. Ra7+ Kg8 50. Kh5 Rxe4 51. Kg6 Kf8 52. Kxf6 Kg8 53. Ra8+ 1/2-1/2

[Event "Aragon-chT Preferente A"]
[Site "Aragon"]
[Date "2016.03.05"]
[Round "6.33"]
[White "Jaques Burguete, Raul"]
[Black "Ainsa Claver, Ignacio"]
[Result "1-0"]
[WhiteElo "2011"]
[BlackElo "1954"]
[PlyCount "127"]
[EventDate "2016.01.30"]
[EventType "team-tourn"]
[EventRounds "9"]
[EventCountry "ESP"]
[SourceTitle "EXT 2018"]
[Source "ChessBase"]
[SourceDate "2017.10.13"]
[SourceVersion "1"]
[SourceVersionDate "2017.10.13"]
[SourceQuality "1"]
[WhiteTeam "St Casablanca IV"]
[BlackTeam "Sabinanigo"]
[WhiteTeamCountry "ESP"]
[BlackTeamCountry "ESP"]

1. e4 e6 2. e5 d6 3. exd6 cxd6 4. d4 d5 5. Nf3 Nc6 6. Bd3 Nf6 7. 0-0 Bd6 8. c3 0-0 9. Bg5 h6 10. Bh4 e5 11. dxe5 Nxe5 12. Nxe5 Bxe5 13. Bg3 Bxg3 14. hxg3 Qb6 15. Qb3 Qc5 16. Qb5 Qxb5 17. Bxb5 a6 18. Ba4 b5 19. Bb3 Re8 20. Na3 Bb7 21. Nc2 Ne4 22. Rfd1 Rad8 23. Ne3 Nf6 24. Rd4 Re4 25. Rad1 Rxd4 26. Rxd4 Rd7 27. a4 Bc6 28. axb5 axb5 29. f3 h5 30. Kf2 g5 31. Nc2 Kf8 32. Nb4 Bb7 33. Nd3 Rc7 34. Nb4 Rd7 35. Bc2 Ke7 36. Bd3 Rd6 37. Bxb5 Rb6 38. Ba4 Rd6 39. Nd3 Bc6 40. Bb3 Bb5 41. Nb4 Ke6 42. Ke3 Bf1 43. Rd2 g4 44. f4 Bb5 45. Nc2 Kd7 46. Nd4 Bc4 47. Ba4+ Kc8 48. b3 Ba6 49. Nf5 Re6+ 50. Kd4 Re4+ 51. Kc5 Kc7 52. Bc6 Bc8 53. Nd4 Re3 54. Nb5+ Kb8 55. Bxd5 Nxd5 56. Rxd5 Rxg3 57. Rxh5 Bd7 58. Rh8+ Kb7 59. Nd6+ Kc7 60. Nxf7 Rxc3+ 61. Kb4 Rg3 62. Rh7 Bf5 63. Rg7 Be6 64. Ng5+ 1-0

[Event "Aragon-chT Preferente A"]
[Site "Aragon"]
[Date "2016.02.20"]
[Round "4.33"]
[White "Planas Torrea, Francisco Javier"]
[Black "Ainsa Claver, Ignacio"]
[Result "1-0"]
[WhiteElo "2040"]
[BlackElo "1954"]
[PlyCount "135"]
[EventDate "2016.01.30"]
[EventType "team-tourn"]
[EventRounds "9"]
[EventCountry "ESP"]
[SourceTitle "EXT 2018"]
[Source "ChessBase"]
[SourceDate "2017.10.13"]
[SourceVersion "1"]
[SourceVersionDate "2017.10.13"]
[SourceQuality "1"]
[WhiteTeam "Ejea"]
[BlackTeam "Sabinanigo"]
[WhiteTeamCountry "ESP"]
[BlackTeamCountry "ESP"]

1. e4 e6 2. d4 d5 3. exd5 exd5 4. Bd3 Bd6 5. Qf3 Nc6 6. c3 Be6 7. Ne2 Qf6 8. Qxf6 Nxf6 9. f3 0-0 10. Kf2 Ne7 11. g4 c5 12. Bf4 Bxf4 13. Nxf4 c4 14. Bc2 Ng6 15. Ng2 Nd7 16. Re1 Rae8 17. Nd2 Nb6 18. Nf1 Bd7 19. Ng3 Ne7 20. Re2 Nec8 21. Ne3 g6 22. Rae1 f6 23. h4 Kf7 24. h5 Rh8 25. Ng2 Rxe2+ 26. Rxe2 Ne7 27. Nf4 g5 28. Ng2 h6 29. Ne3 Nbc8 30. Bf5 Rd8 31. Bxd7 Rxd7 32. Ngf5 Ng8 33. Ke1 Nce7 34. Kd2 b5 35. Re1 a5 36. b3 Nc6 37. Rb1 Na7 38. a4 cxb3 39. Rxb3 bxa4 40. Ra3 Nc6 41. Rxa4 Ke6 42. Kc2 Rb7 43. Nxd5 Kxd5 44. c4+ Ke6 45. d5+ Kd7 46. dxc6+ Kxc6 47. Rxa5 Ne7 48. Nxh6 Kd6 49. Nf5+ Kd7 50. Ra6 Nc6 51. Kc3 Kc7 52. Nh6 Ne5 53. Nf5 Kd8 54. Rxf6 Rc7 55. Ne3 Ra7 56. Kd4 Re7 57. c5 Nd7 58. Rd6 Kc8 59. Nf5 Re1 60. h6 Rd1+ 61. Ke3 Rh1 62. c6 Ne5 63. Rf6 Kc7 64. Ng3 Rh3 65. Ke4 Nxc6 66. Rxc6+ Kxc6 67. Nh5 Rh1 68. Kf5 1-0

[Event "Aragon-chT Preferente A"]
[Site "Aragon"]
[Date "2014.03.15"]
[Round "8.42"]
[White "Sacristan Latorre, Alberto"]
[Black "Ainsa Claver, Ignacio"]
[Result "1-0"]
[WhiteElo "2061"]
[BlackElo "1968"]
[PlyCount "121"]
[EventDate "2014.01.25"]
[EventType "team-tourn"]
[EventRounds "9"]
[EventCountry "ESP"]
[SourceTitle "EXT 2015"]
[Source "ChessBase"]
[SourceDate "2014.11.20"]
[SourceVersion "1"]
[SourceVersionDate "2014.11.20"]
[SourceQuality "1"]
[WhiteTeam "Pedro Cerbuna"]
[BlackTeam "Sabinanigo"]
[WhiteTeamCountry "ESP"]
[BlackTeamCountry "ESP"]

1. e4 c6 2. d4 d5 3. Nc3 dxe4 4. Nxe4 Bf5 5. Ng3 Bg6 6. h4 h6 7. h5 Bh7 8. Nf3 Nf6 9. Bd3 Bxd3 10. Qxd3 e6 11. Bd2 Nbd7 12. 0-0-0 Qc7 13. Ne4 Nxe4 14. Qxe4 Nf6 15. Qe2 0-0-0 16. c4 Bd6 17. Kb1 c5 18. Bc3 Rhe8 19. Ne5 Bxe5 20. dxe5 Nd7 21. Rh3 Nb8 22. Rg3 Rg8 23. Rxd8+ Qxd8 24. Kc2 Nc6 25. Qe3 b6 26. Qe4 Qc7 27. Qh7 Rd8 28. Qxg7 Qd7 29. Qg4 Nxe5 30. Bxe5 Qd2+ 31. Kb1 Qe1+ 32. Kc2 Rd2+ 33. Kb3 Qxe5 34. Qg8+ Kc7 35. Qxf7+ Rd7 36. Qf3 Qe1 37. a3 a5 38. Qa8 Qd1+ 39. Ka2 a4 40. Qa7+ Kc6 41. Qa6 Kc7 42. Re3 Qc2 43. Qa7+ Kc6 44. Qa6 Kc7 45. Rc3 Qd1 46. Qa7+ Kc6 47. Qb8 Rb7 48. Qc8+ Rc7 49. Qxe6+ Qd6 50. Qxd6+ Kxd6 51. Rg3 Ke5 52. Rg6 Kd4 53. Rxh6 Rb7 54. Rg6 Kxc4 55. Rg4+ Kd3 56. Rh4 b5 57. h6 Rh7 58. g4 b4 59. axb4 c4 60. g5 Kc2 61. Rxc4+ 1-0

[Event "Aragon-chT"]
[Site "Aragon"]
[Date "2008.04.12"]
[Round "9"]
[White "Gella Bitrian, Diego"]
[Black "Ainsa Claver, Ignacio"]
[Result "1-0"]
[WhiteElo "1844"]
[BlackElo "1935"]
[PlyCount "75"]
[EventDate "2008.02.02"]
[EventType "team-swiss"]
[EventRounds "12"]
[EventCountry "ESP"]
[SourceTitle "EXT 2011"]
[Source "ChessBase"]
[SourceDate "2010.11.26"]
[SourceVersion "1"]
[SourceVersionDate "2010.11.26"]
[SourceQuality "1"]

1. e4 e6 2. d4 d5 3. Nd2 Nf6 4. e5 Nfd7 5. Bd3 c5 6. c3 Nc6 7. Ne2 cxd4 8. cxd4 Qb6 9. Nf3 Bb4+ 10. Kf1 Nf8 11. g3 Bd7 12. Kg2 Rc8 13. Bd2 Ng6 14. Bc3 0-0 15. h4 Nge7 16. Nf4 f6 17. exf6 gxf6 18. Qe2 Bxc3 19. bxc3 Nd8 20. Qc2 Rf7 21. Nh5 e5 22. Rab1 Qe6 23. dxe5 d4 24. exf6 Rxc3 25. fxe7 Qxe7 26. Qe2 Bc6 27. Nf4 Qf8 28. Rbc1 Rxf4 29. gxf4 Qxf4 30. Bc4+ Kh8 31. Rxc3 dxc3 32. Rd1 Qg4+ 33. Kf1 Qh3+ 34. Ke1 Qh1+ 35. Qf1 Qxf3 36. Rxd8+ Kg7 37. Qg1+ Kf6 38. Rf8+ 1-0

[Event "Aragon-chT Autonomico"]
[Site "Aragon"]
[Date "2007.03.03"]
[Round "6"]
[White "Ainsa Claver, Ignacio"]
[Black "Moreno Gracia, David"]
[Result "1-0"]
[WhiteElo "1950"]
[BlackElo "1965"]
[PlyCount "141"]
[EventDate "2007.01.27"]
[EventType "team"]
[EventRounds "9"]
[EventCountry "ESP"]
[SourceTitle "EXT 2008"]
[Source "ChessBase"]
[SourceDate "2007.11.25"]
[SourceVersion "1"]
[SourceVersionDate "2007.11.25"]
[SourceQuality "1"]
[WhiteTeam "St Casablanca IV"]
[BlackTeam "St Casablanca III"]
[WhiteTeamCountry "ESP"]
[BlackTeamCountry "ESP"]

1. c4 Nf6 2. Nf3 g6 3. g3 Bg7 4. Bg2 0-0 5. 0-0 d6 6. Nc3 e5 7. d3 c6 8. Qc2 Bg4 9. h3 Bf5 10. e4 Be6 11. Re1 Qc7 12. Bd2 Nbd7 13. Rac1 Rac8 14. d4 exd4 15. Nxd4 Bxc4 16. b3 Ba6 17. Be3 Qa5 18. Nf3 d5 19. e5 Ne8 20. Bd2 Qd8 21. Na4 b6 22. e6 fxe6 23. Rxe6 Bb7 24. Bc3 c5 25. Bxg7 Nxg7 26. Re2 Ba6 27. Rd2 d4 28. Nb2 Qf6 29. a4 Rce8 30. Nc4 Bb7 31. Ne1 Bxg2 32. Nxg2 Re6 33. Nf4 Ree8 34. Re2 Rxe2 35. Qxe2 Re8 36. Qd2 Ne5 37. Nxe5 Qxe5 38. Nd3 Qe2 39. Rd1 Qxd2 40. Rxd2 Nf5 41. Kf1 Kf7 42. Nb2 Nd6 43. Nc4 Nxc4 44. bxc4 Re5 45. Rd3 Rf5 46. Ke2 Ke6 47. Ra3 Ke5 48. f3 Kd6 49. Rb3 Rh5 50. h4 g5 51. hxg5 Rxg5 52. Kf2 Rf5 53. Rb1 Rh5 54. Kg2 Re5 55. Kf2 Re3 56. Rh1 Ra3 57. Rxh7 Ra2+ 58. Ke1 Rxa4 59. Rh6+ Ke5 60. f4+ Ke4 61. Re6+ Kf5 62. Re5+ Kf6 63. g4 Rxc4 64. g5+ Kf7 65. f5 Rc3 66. Kf2 Rh3 67. g6+ Kf6 68. Re6+ Kg7 69. Re7+ Kf8 70. f6 Rh6 71. g7+ 1-0

[Event "Aragon-chT fin"]
[Site "Aragon"]
[Date "2003.04.12"]
[Round "10"]
[White "Alcon Herrero, Javier"]
[Black "Ainsa Claver, Ignacio"]
[Result "1-0"]
[WhiteElo "2073"]
[BlackElo "2005"]
[PlyCount "104"]
[EventDate "2003.04.??"]
[EventType "team"]
[EventRounds "1"]
[EventCountry "ESP"]
[SourceTitle "EXT 2004"]
[Source "ChessBase"]
[SourceDate "2003.11.25"]
[SourceVersion "1"]
[SourceVersionDate "2003.11.25"]
[SourceQuality "1"]

1. d4 d5 2. c4 e6 3. Nc3 Nf6 4. Bg5 Be7 5. e3 0-0 6. Nf3 b6 7. cxd5 Nxd5 8. Bxe7 Qxe7 9. Nxd5 exd5 10. Bd3 Be6 11. Qc2 h6 12. Rc1 Rc8 13. 0-0 c5 14. dxc5 bxc5 15. e4 d4 16. e5 Qb7 17. Nd2 Nd7 18. Ne4 Qc6 19. f4 Rab8 20. b3 Bd5 21. Nd6 Rc7 22. Qe2 Rb4 23. Qg4 Nf8 24. Nf5 Ng6 25. Nxh6+ gxh6 26. f5 Rb6 27. fxg6 fxg6 28. Rf6 Qe8 29. Rcf1 Rxf6 30. Rxf6 Rg7 31. Rxg6 Rxg6 32. Qxg6+ Qxg6 33. Bxg6 Kf8 34. Kf2 Ke7 35. Bf5 a5 36. g4 a4 37. bxa4 Bxa2 38. a5 Bc4 39. h4 Bb5 40. Ke1 c4 41. Kd2 c3+ 42. Kc2 Bc4 43. g5 hxg5 44. hxg5 Kf7 45. g6+ Kg7 46. Bd3 Bd5 47. a6 Kf8 48. a7 Ke7 49. Bf5 Bc6 50. Kd3 Bb7 51. Kxd4 c2 52. Bxc2 Ke6 1-0